00826cam a22002534a 450000100090000000300040000900500170001300800410003001000170007102000310008802000180011904000180013705000240015508200200017924500860019925000470028526000440033230000440037650400510042065000320047165000190050365000200052270000300054214979048OSt20150408114149.0070824s2008 nyua b 001 0 eng  a 2007936031 a9783540714200 (alk. paper) a9783540714200 aDLCcDLCdDLC00aRM301.25b.V64 200800a615.19222bDRD00aDrug discovery and evaluation :bpharmacological assays /cH. Gerhard Vogel (ed.) a3rd completely rev., updated, and enl. ed. aBerlin ;aNew York :bSpringer,cc2008. a2 v. (lviii, 2071 p.) :bill. ;c28 cm. aIncludes bibliographical references and index. 0aPharmacology, Experimental. 0aDrugsxDesign. 0aDrugsxTesting.1 aVogel, H. Gerhard,d1927-